| 000 | 00401nam a2200169Ia 4500 | ||
|---|---|---|---|
| 003 | OSt | ||
| 005 | 20230531120235.0 | ||
| 008 | 210423s1995 xx 000 0 und d | ||
| 040 | _cAL | ||
| 041 | _aeng | ||
| 082 |
_a370 _223 _bWEEC |
||
| 245 | _aComputer education. | ||
| 260 |
_aKochi _bMalayala Manorama Press _c1995 |
||
| 300 |
_a3,30 _bPB |
||
| 906 | _aComputer ; education. | ||
| 942 |
_2ddc _cBK |
||
| 999 |
_c174623 _d174623 |
||